Tolerancias en la construcción de edificaciones en Costa Rica
Uloženo v:
| Hlavní autor: | |
|---|---|
| Médium: | Kniha |
| Jazyk: | Spanish |
| Vydáno: |
San José, Costa Rica
2018
|
| Témata: | |
| Tagy: |
Přidat tag
Žádné tagy, Buďte první, kdo vytvoří štítek k tomuto záznamu!
|
MARC
| LEADER | 00000nam a22000007a 4500 | ||
|---|---|---|---|
| 003 | 012921 | ||
| 005 | 20221231144348.0 | ||
| 008 | 180911b2018 c a|||| m||| 00| ||spa d | ||
| 040 | |c cru CEDI | ||
| 090 | |a TFG 8073 | ||
| 100 | |9 13817 |a Blanco Padilla, Álvaro | ||
| 245 | |a Tolerancias en la construcción de edificaciones en Costa Rica | ||
| 260 | |a San José, Costa Rica |c 2018 | ||
| 300 | |a xvii,102 hojas :ilustraciones a color | ||
| 500 | |a Proyecto de graduación (licenciatura en ingeniería civil)--Universidad de Costa Rica. Facultad de Ingeniería. Escuela de Ingeniería Civil | ||
| 501 | |a Director del Proyecto: Ing. Marco Rodríguez Mora, MSc. | ||
| 650 | |x HORMIGON - NORMAS |x CONSTRUCCION - CONTROL DE CALIDAD |9 13819 | ||
| 942 | |c TFG |2 ddc | ||
| 999 | |c 20745 |d 20745 | ||
